| 000 | 00653nam a22001937a 4500 | ||
|---|---|---|---|
| 999 |
_c158433 _d158433 |
||
| 005 | 20181029130339.0 | ||
| 010 | _aENG-124396 | ||
| 020 |
_c625.00 _a9789386515681 |
||
| 035 | _aEN-107928 | ||
| 037 | _bDBAD/PUB | ||
| 082 | _a000 | ||
| 245 |
_aUniversal's CLAT common law admission test: _bconducted by National law schools in india solved papers / |
||
| 250 | _a9th ed. | ||
| 260 |
_aGurgaon _bLexis Nexis _c2018 |
||
| 270 |
_a14th floor,Building No-10, Tower-B,DLF Cyber City Phase-11 _bGurgaon _e122002 |
||
| 300 |
_a839p. _c27cm(Hb) |
||
| 500 | _aAlong with Previous Years' papers of NLU, Delhi | ||
| 942 |
_2ddc _cEN _mUNI _h000 |
||